|
|
|
|
| LEADER |
01084nam a2200241 u 4500 |
| 001 |
10114336 |
| 003 |
GR-PaULI |
| 005 |
20231228122923.0 |
| 008 |
141016s2013 gr f gre d |
| 020 |
|
|
|a 9789601644370
|
| 040 |
|
|
|a GR-PaULI
|c GR-PaULI
|b gre
|e AACR2
|
| 041 |
1 |
|
|a gre
|h spa
|
| 082 |
0 |
4 |
|a 863.64
|2 23
|
| 100 |
1 |
|
|a Falcones de Sierra, Ildefonso,
|9 201496
|d 1959-
|e συγγραφέας.
|
| 245 |
1 |
3 |
|a Το χέρι της Φάτιμα :
|b μυθιστόρημα /
|c Ιλδεφόνσο Φαλκόνες ; μετάφραση Αγαθή Δημητρούκα.
|
| 260 |
|
|
|a Αθήνα :
|b Πατάκης,
|c 2013.
|
| 300 |
|
|
|a 974 σ. ;
|b
|c 21 εκ.
|
| 500 |
|
|
|a Τίτλος πρωτοτύπου: La mano de Fátima.
|
| 700 |
1 |
|
|a Δημητρούκα, Αγαθή,
|d 1958-
|e μεταφράστρια.
|9 110470
|
| 765 |
|
|
|i Μετάφραση του:
|t La mano de Fátima.
|
| 942 |
|
|
|2 ddc
|c BK
|
| 952 |
|
|
|0 0
|1 0
|2 ddc
|4 0
|6 863_640000000000000_FAL
|7 0
|9 375979
|a LISP
|b LISP
|c BSC
|d 2023-12-28
|i 263183
|l 0
|o 863.64 FAL
|p 025000305548
|r 2023-12-28 00:00:00
|t 1
|w 2023-12-28
|y BK15
|
| 999 |
|
|
|c 219100
|d 219100
|